Manual de servicios públicos locales / Luis Pablo Bourgon Tinao
ISBN:
84-7088-498-0
Descripción Física:
405 p. ; 24 cm
MARC
| LEADER | 00000nam a2200000Ia 4500 | ||
|---|---|---|---|
| 001 | 13710 | ||
| 008 | 160829s1991 xx 000 0 cat d | ||
| 020 | |a 84-7088-498-0 | ||
| 080 | |a M-4-21 | ||
| 100 | |a Bourgon Tinao, Luis |9 23789 | ||
| 245 | |a Manual de servicios públicos locales / Luis Pablo Bourgon Tinao | ||
| 260 | |a Madrid : |b Ministerio para las Administraciones Públicas, |c 1991 | ||
| 300 | |a 405 p. ; |c 24 cm | ||
| 490 | |a Colección manuales. Serie administraciones territoriales | ||
| 590 | |a Apèndixs. | ||
| 590 | |a Bibliografia. | ||
| 590 | |a Inclou legislació | ||
| 650 | |a Serveis públics |x Administració |x Espanya |9 23790 | ||
| 650 | |a Serveis públics |x Espanya |9 44887 | ||
| 710 | |a Espanya. |b Ministerio para las Administraciones Públicas |9 69872 | ||
| 901 | |a Arxiu | ||
| 942 | |n 1 | ||
| 952 | |0 0 |1 0 |4 0 |6 M421 |7 1 |9 42857 |a Arxiu |b Arxiu |d 2016-12-01 |l 0 |o M-4-21 |p 13710 |r 2016-12-01 00:00:00 |w 2016-12-01 |y ARXIU | ||
| 999 | |c 45363 |d 45363 | ||